Sports Quiz

Random Sports or Basketball Quiz

2008 Team USA (Basketball) Quiz Stats

 Plays Quiz Updated Nov 15, 2017

Score 0/13 Timer 03:00
2 Plays Today
Position Player % Correct
Small forwardLeBron James
97.2%
Shooting guardKobe Bryant
92.3%
CenterDwight Howard
83.5%
Point guardChris Paul
81.8%
Shooting guardDwyane Wade
79.3%
Small forwardCarmelo Anthony
73%
Forward-centerChris Bosh
70%
Point guardJason Kidd
66.6%
Point guardDeron Williams
63.3%
CoachMike Krzyzewski
57.9%
Shooting guardMichael Redd
44.1%
Forward-centerCarlos Boozer
42.8%
Small forwardTayshaun Prince
34.2%

You're not logged in!

Compare scores with friends on all Sporcle quizzes.
OR
Log In

Show Comments

Extras

Top Quizzes Today


Score Distribution

Your Account Isn't Verified!

In order to create a playlist on Sporcle, you need to verify the email address you used during registration. Go to your Sporcle Settings to finish the process.

Report this User

Report this user for behavior that violates our Community Guidelines.

Details: